Geschichte der altamerikanischen kulturen

Saved in:
Bibliografiske detaljer
Hovedforfatter: Disselhoff, Hans Dietrich (Author)
Format: Bog
Sprog:tysk
Udgivet: Múnich R. Oldenbourg 1967
Fag:
Tags: Tilføj Tag
Ingen Tags, Vær først til at tagge denne postø!

MARC

LEADER 00000nam a2200000 a 4500
001 UCY8687
003 CL-VaPUC
008 950707e19670000GW |||||||||||||||||ger|d
082 0 4 |a 980.004  |b DIS  |2 21 
100 0 |a Disselhoff, Hans Dietrich  |e author  |9 340315 
245 1 0 |a Geschichte der altamerikanischen kulturen 
300 |a 394 p 
942 |c BK 
945 |d 19950707 00:00:00  |a rbrito 
260 |a Múnich  |b R. Oldenbourg  |c 1967 
650 7 |a MAYAS  |2 CL-VaPUC  |9 267590 
650 0 |a Cultura  |9 269059 
650 0 |a Historia  |9 255047 
650 7 |a CULTURA PRECOLOMBINA  |2 CL-VaPUC  |9 306498 
650 7 |a INCAS  |2 CL-VaPUC  |9 256565 
650 0 |a Culturas latinoamericanas  |9 340316 
650 0 |a Aztecas  |9 265930 
650 7 |a GEOGRAFIA CULTURAL  |2 CL-VaPUC  |9 340317 
583 |a last modification  |c 19950707 00:00:00  |k Rodrigo Vera 
999 |c 235908  |d 235906 
952 |0 0  |1 0  |4 0  |6 980_004000000000000_DIS_1967  |7 0  |8 P  |9 243635  |a BIBARQ  |b BIBARQ  |d 2019-11-18  |i 3068889  |o 980.004 DIS 1967  |p 3068889  |r 2025-01-20  |w 2019-11-18  |y BK  |k ARQ